00500nam a2200157Ia 4500082001200000100002400012245006400036250003300100260006200133300001100195504002600206650003100232650002500263650003500288710001900323 aTA.0278 aAdabar, Kshamanidhi 0aRegional dimensions of economic growth in Indian federalism aUniversity of Mysore, Mysore bInstitute for Social and Economic Change, Bangalorec2005 ax, 204 aincludes bibliography aIndiavEconomic conditions aEconomic development aConvergence (Economics)vIndia aNarayana, M.R.